000 00550nam a2200193Ia 4500
005 20250326140624.0
008 250326s9999 xx 000 0 und d
037 _aTextbook
040 _aFMSL
_beng
_cFMSL
041 _aeng
_2eng
084 _aX:51y7 P0
_qFMSL
100 _aDarymple D J
_9742712
245 0 _aMarketing management: Text and cases
_cDarymple D J; Parsons L J
250 _aEd 7
260 _aNew York
_bNew York, John Wiley & Sons
_c2000
300 _a707p
942 _cTB
_hX:51y7 P0
999 _c1286604
_d1286604